| 000 | 00468cam a22001097a 4500 | ||
|---|---|---|---|
| 008 | 180718b1965 xxu||||| |||| 00| 0 eng d | ||
| 082 | _aA2:T000x54 In2 | ||
| 245 |
_aSelected studies relating to planning for national development, 1950-64 _cby Statistics and Surveys Division, Planning Commission |
||
| 260 |
_aNew Delhi _bStatistics and Surveys Division, Planning Commission _c1965 |
||
| 300 | _a61p. | ||
| 700 | _aIndia. Planning Commission. Statistics and Surveys Division | ||
| 999 |
_c487350 _d487350 |
||